| 000 | 01264cam a22003497a 4500 | ||
|---|---|---|---|
| 003 | CHAP | ||
| 005 | 20220329143040.0 | ||
| 008 | 051024d2005 mx r 00110 spa d | ||
| 010 | _a91185 | ||
| 011 | _a92157 | ||
| 035 | _a102720 | ||
| 040 | _cCHAP | ||
| 090 | _aTesis | ||
| 100 | 0 | 0 |
_aBarrios Ramírez, Rubén. _910531 |
| 245 | 1 | 0 |
_aProducción, comportamiento y rentabilidad del cultivo del frijol en el Distrito de Desarrollo Rural 001, Durango _c/por Rubén Barrios Ramírez |
| 260 |
_aChapingo, Méx. : _bEl autor, _c2005. |
||
| 300 | _a93 h. | ||
| 502 | _aTesis (Ing. Agr. Esp. en Sociología Rural) - - UACH. Departamento de Sociología Rural | ||
| 590 |
_aALEPH _b10 _c20130110 _lUCH01 _h1507 |
||
| 590 |
_aBATCH-UPD _b10 _c20130110 _lUCH01 _h0828 |
||
| 590 |
_aBATCH-UPD _b10 _c20130410 _lUCH01 _h0506 |
||
| 590 |
_aBATCH-UPD _b10 _c20130914 _lUCH01 _h1207 |
||
| 590 |
_aCONVERSION _b10 _c20130109 _lUCH01 _h1350 |
||
| 650 | 1 | 4 |
_aDistrito de Desarrollo Rural, Durango, Dgo. _932830 |
| 650 | 1 | 4 |
_aFrijol _xDurango. _943360 |
| 650 | 1 | 4 |
_aFrijol _xRendimiento. _943429 |
| 901 | _aBK | ||
| 905 | _aLilia | ||
| 942 | _cFOLL | ||
| 949 |
_aTesis _bBC _cTES _d1027201 _eTS1 _h44259 _i102720 _sb |
||
| 949 |
_aTesis _bBC _cTES _d33724000965927 _eTS2 _fc.2 _h44260 _i102720 _sb |
||
| 999 |
_c91185 _d91185 |
||